Statistics for Islands by Letter - C

Click here to take the quiz!

General Stats

  • This quiz has been taken 68 times
  • The average score is 8 of 16

Answer Stats

Hint Answer % Correct
December 25Christmas
93%
Fidel & RaúlCuba
91%
Birthplace of NapoleonCorsica
91%
Island country in the MediterraneanCyprus
91%
Minoan civilizationCrete
85%
NYC Peninsula, amusement parksConey Island
65%
Greek: KérkyraCorfu
52%
One of the ABC islandsCuraçao
50%
Mexican island near CancúnCozumel
39%
A philippine islandCebu
39%
Part of Nova ScotiaCape Breton
24%
Island in the Tyrrhenian SeaCapri
24%
A balearic islandCabrera
19%
Largest island of ChileChiloé
13%
French coral atoll in the eastern PacificClipperton
11%
Costa Rican National ParkCocos
9%

Score Distribution

Percentile by Number Answered

Percent of People with Each Score

Your Score History

You have not taken this quiz